| 000 | 00506 a2200193 4500 | ||
|---|---|---|---|
| 005 | 20250520140442.0 | ||
| 008 | 250520b |||||||| |||| 00| 0 eng d | ||
| 020 |
_a9789352866717 _cRs. 1030.00 |
||
| 040 | _aMAIN | ||
| 082 |
_a005.43 _bS18O(9) |
||
| 100 | _aStallings, William | ||
| 245 | _aOperating systems: Internals and design principles | ||
| 250 | _a9th | ||
| 260 |
_bPearson India _aNoida _c2025 |
||
| 300 | _a732 | ||
| 650 | _aComputer Science | ||
| 650 | _aOperating Systems | ||
| 942 | _cBK | ||
| 999 |
_c386647 _d386647 |
||